| 000 | 00841nam a22002417a 4500 | ||
|---|---|---|---|
| 001 | 12801 | ||
| 003 | HDC | ||
| 007 | cr bn --- | ||
| 008 | 210211 my |0 eneng | ||
| 040 | _aHDC | ||
| 245 | 0 |
_aGuidance for Industry : _bSterile Drug Products Produced by Aseptic Processing - Current Good Manufacturing Practice |
|
| 260 |
_a[No place] : _bPharmaceutical CGMPs, _c2004 |
||
| 300 | _a5 pages | ||
| 336 |
_atext _2rdacontent |
||
| 337 |
_acomputer _2rdamedia |
||
| 338 |
_aonline resource _2rdacarrier |
||
| 650 |
_aAseptic Processing _913641 |
||
| 650 |
_aDrug Products _913642 |
||
| 856 | _zRequest full-text at [email protected] | ||
| 942 | _2lcc | ||
| 942 | _cEBOOK | ||
| 942 | _kEBOK 002020 | ||
| 999 |
_c10124 _d10124 |
||